| 000 | 00774nam a22002297a 4500 | ||
|---|---|---|---|
| 005 | 20100812105356.0 | ||
| 010 | _aENG-99828 | ||
| 020 |
_a9788125037446 _c95.00 |
||
| 035 | _aEN-83360 | ||
| 037 | _bDBAD/PUB | ||
| 082 | _a485 | ||
| 100 |
_aThorat, Ashok _914586 |
||
| 245 |
_aEnriching oral and written communication in English / _cby Ashok Thorat [and] Munira Lokhandwala |
||
| 260 |
_aMumbai _bOrient BlackSwan _c2009 |
||
| 270 |
_bMumbai _e400001 _aKamani Marg,Ballard Estate |
||
| 300 |
_a149p. _c23cm (pbk) |
||
| 650 |
_aEnglish Grammer _914587 |
||
| 700 |
_910603 _aLokhandwala, Munira |
||
| 700 | _910604 | ||
| 942 |
_2ddc _cEN _h485 _mTHO |
||
| 999 |
_c41223 _d41223 |
||